[Event "FRA-ch op-A"]
[Site "Narbonne"]
[Date "1997.??.??"]
[Round "7"]
[White "Flament, Alexandre"]
[Black "Belot, Bernard"]
[Result "1-0"]
[WhiteElo "1830"]
[BlackElo "1750"]
[PlyCount "31"]
[EventDate "1997.08.??"]
[EventType "swiss"]
[EventRounds "11"]
[EventCountry "FRA"]
[SourceTitle "EXT 2021"]
[Source "ChessBase"]
[SourceDate "2020.10.23"]
[SourceVersion "1"]
[SourceVersionDate "2020.10.23"]
[SourceQuality "1"]

1. e4 e5 2. Bc4 Nf6 3. d4 exd4 4. Nf3 Bb4+ 5. c3 Be7 6. e5 Ne4 7. Qxd4 Ng5 8. Bxg5 Bxg5 9. 0-0 Be7 10. Nbd2 0-0 11. Rad1 d6 12. Ne4 dxe5 13. Qxe5 Nd7 14. Qh5 Qe8 15. Rfe1 g6 16. Qh6 1-0